000 00311nam a2200121 a 4500
005 20140414131923.0
008 101026s19uu xx 00 eng d
050 _aER
_bT93 1991
100 _aKraft, Jim
245 _aTwo-minute garfield stories.
260 _bGolden Book,
_c1991.
_aNew York :
999 _c111863
_d111863